000 00591nam a2200229Ia 4500
003 OSt
005 20221007074136.0
006 a|||||r|||| 00| 0
007 ta
008 221006b |||||||| |||| 00| 0 eng d
024 _a993
037 _cTextual
040 _aFLL
_cFLL
_beng
041 _2eng
_aeng
082 _aX6:Z2, L7
100 _aVenkatesam E.
245 0 _aHand Book on Contracts & Negotiale Instuments
250 _a8th
260 _aMadras
_bM.L.J. Office India
_c1977
942 _hX6:Z2, L7
_cTEXL
_2CC
999 _c1151300
_d1151300